Estilos de desarrollo y medio ambiente en la América Latina / (Registro nro. 7957)
[ vista simple ]
| 000 -LEADER | |
|---|---|
| fixed length control field | 01067nam a2200265Ia 4500 |
| 003 - CONTROL NUMBER IDENTIFIER | |
| control field | OSt |
| 005 - DATE AND TIME OF LATEST TRANSACTION | |
| control field | 20210603145309.0 |
| 008 - FIXED-LENGTH DATA ELEMENTS--GENERAL INFORMATION | |
| fixed length control field | 210310m19801981mx ab gr 001 0 spa d |
| 040 ## - CATALOGING SOURCE | |
| Original cataloging agency | CO-JMCR |
| Transcribing agency | CO-JMCR |
| 041 0# - LANGUAGE CODE | |
| Language code of text/sound track or separate title | spa |
| 082 04 - DEWEY DECIMAL CLASSIFICATION NUMBER | |
| Classification number | 338.1 / |
| Item number | S958e |
| Edition number | 23 |
| 100 1# - MAIN ENTRY--PERSONAL NAME | |
| Personal name | Sunkel, Osvaldo, |
| 9 (RLIN) | 15924 |
| Relator term | compilador |
| 245 10 - TITLE STATEMENT | |
| Title | Estilos de desarrollo y medio ambiente en la América Latina / |
| Statement of responsibility, etc. | selección de Osvaldo Sunkel y Nicolo Gligo |
| 260 ## - PUBLICATION, DISTRIBUTION, ETC. | |
| Place of publication, distribution, etc. | México : |
| Name of publisher, distributor, etc. | Fondo de Cultura Económica, |
| Date of publication, distribution, etc. | 1980-1981 |
| 300 ## - PHYSICAL DESCRIPTION | |
| Extent | [6] hojas plegables, 2 volúmenes : |
| Other physical details | ilustraciones y mapas a blanco y negro ; |
| Dimensions | 21 cm. |
| 490 0# - SERIES STATEMENT | |
| Series statement | El trimestre económico. Lecturas ; |
| Volume/sequential designation | 36 |
| 500 ## - GENERAL NOTE | |
| General note | Incluye notas a pie de página e índice de nombres. |
| 650 14 - SUBJECT ADDED ENTRY--TOPICAL TERM | |
| Topical term or geographic name entry element | Desarrollo económico |
| 9 (RLIN) | 15926 |
| 650 24 - SUBJECT ADDED ENTRY--TOPICAL TERM | |
| Topical term or geographic name entry element | Recursos naturales |
| 9 (RLIN) | 308 |
| 650 24 - SUBJECT ADDED ENTRY--TOPICAL TERM | |
| Topical term or geographic name entry element | Innovaciones agricolas |
| Geographic subdivision | América Latina |
| 9 (RLIN) | 38105 |
| 650 24 - SUBJECT ADDED ENTRY--TOPICAL TERM | |
| Topical term or geographic name entry element | Urbanización |
| Geographic subdivision | América Latina |
| 9 (RLIN) | 38106 |
| 650 24 - SUBJECT ADDED ENTRY--TOPICAL TERM | |
| Topical term or geographic name entry element | Industria manufacturera |
| General subdivision | Desarrollo |
| Geographic subdivision | América Latina |
| 9 (RLIN) | 38107 |
| 700 1# - ADDED ENTRY--PERSONAL NAME | |
| Personal name | Gligo, Nicolo, |
| Relator term | compilador |
| 9 (RLIN) | 38108 |
| 942 ## - ADDED ENTRY ELEMENTS (KOHA) | |
| Source of classification or shelving scheme | Dewey Decimal Classification |
| Koha item type | Books |
| Withdrawn status | Lost status | Source of classification or shelving scheme | Damaged status | Not for loan | Collection code | Home library | Current library | Date acquired | Source of acquisition | Full call number | Barcode | Date last seen | Copy number | Koha item type | Total Checkouts | Price effective from |
|---|---|---|---|---|---|---|---|---|---|---|---|---|---|---|---|---|
| Dewey Decimal Classification | Non-fiction | Biblioteca Pública José María del Castillo y Rada | Biblioteca Pública José María del Castillo y Rada | 04/15/2018 | Donación | 338.1 / S958e | 430003591 | 05/16/2024 | V.1 / Ej.1 | Books | ||||||
| Dewey Decimal Classification | Non-fiction | Biblioteca Pública José María del Castillo y Rada | Biblioteca Pública José María del Castillo y Rada | 04/15/2018 | Donación | 338.1 / S958e | 430003592 | 05/16/2024 | V.2 / Ej.1 | Books | 06/03/2021 |